| 000 | 00772nac a22002291u 4500 | ||
|---|---|---|---|
| 010 | _a 78502430 | ||
| 020 | _a0713141859 | ||
| 082 | 0 | 0 |
_a616.0756 _bG7911 |
| 090 |
_c3313 _d3313 |
||
| 100 | _aGray, C. H. | ||
| 245 | 1 | 0 |
_aClinical chemical pathology, _c[by] C. H. Gray. |
| 250 | _a6th ed. | ||
| 260 |
_aLondon, _bEdward Arnold, _c1971. |
||
| 300 |
_ax, 244 p. _billus. _c21 cm. |
||
| 500 | _aDonations. | ||
| 500 | _aDonations - Bibliotheca Alexandrina. | ||
| 504 | _aIncludes bibliographies. | ||
| 650 | 0 | _aClinical chemistry. | |
| 650 | 0 | _aChemistry, Clinical. | |
| 942 |
_cBB _k616.0756G7911 |
||
| 999 |
_c3313 _d3313 |
||